Práctica pedagógica y formación de maestros : (Record no. 214950)

MARC details
000 -CABECERA
campo de control de longitud fija 02132nam a2200289 a 4500
003 - IDENTIFICADOR DEL NÚMERO DE CONTROL
campo de control MX-MxUPN
005 - FECHA Y HORA DE LA ÚLTIMA TRANSACCIÓN
campo de control 20260422094150.0
007 - CAMPO FIJO DE DESCRIPCIÓN FÍSICA--INFORMACIÓN GENERAL
campo de control de longitud fija cr |||aaaaaaa|
008 - ELEMENTOS DE LONGITUD FIJA--INFORMACIÓN GENERAL
campo de control de longitud fija 260415s2023 ck| ||||o ||| 000 0 spa d
020 ## - NÚMERO INTERNACIONAL NORMALIZADO PARA LIBROS
Número Internacional Estándar del Libro 9786287651050
040 ## - FUENTE DE LA CATALOGACIÓN
Centro catalogador/agencia de origen MX-MxUPN
Lengua de catalogación spa
Normas de descripción aacr2
041 0# - CÓDIGO DE IDIOMA
Código de lengua del texto/banda sonora o título independiente spa
050 14 - SIGNATURA TOPOGRÁFICA DE LA BIBLIOTECA DEL CONGRESO
Número de clasificación LB1028
245 10 - MENCIÓN DE TÍTULO
Título Práctica pedagógica y formación de maestros :
Resto del título experiencias educativas en tiempos de pandemia
Medio [recurso electrónico en línea]
250 ## - MENCIÓN DE EDICIÓN
Mención de edición Primera edición
260 ## - PUBLICACIÓN, DISTRIBUCIÓN, ETC.
Lugar de publicación, distribución, etc. Bogotá, Colombia :
Nombre del editor, distribuidor, etc. Universidad Pedagógica Nacional,
Fecha de publicación, distribución, etc. 2023
300 ## - DESCRIPCIÓN FÍSICA
Extensión 1 recurso en línea (176 páginas) :
Otras características físicas PDF
490 0# - MENCIÓN DE SERIE
Mención de serie Colección Evaluación, formación y currículo
505 ## - NOTA DE CONTENIDO CON FORMATO PREESTABLECIDO
Título La pandemia nos instaló en un simulacro de escuela /
Mención de responsabilidad Raúl Barrantes Clavijo.--
Título El gesto escolar. Reflexiones a propósito de la pregunta por la escuela /
Mención de responsabilidad Oscar Espinel-Bernal.--
Título Relatos de maestros en pandemia: un análisis desde la identidad narrativa /
Mención de responsabilidad Elizabeth Torres Puentes.--
Título Educar en tiempos de pandemia: reflexiones derivadas de los relatos de los maestros y las maestras en ejercicio /
Mención de responsabilidad Jenny Johana Castro Ballén, Mónica Gil Cardona y Jenny Maritza Pulido González.--
Título Leer juntos y formación. Experiencia en el curso de Evaluación con carácter diagnóstico formativa /
Mención de responsabilidad David Andrés Rubio Gaviria y Yesid Cabezas Gutiérrez.--
Título Saberes maestros y escuela: la autoetnografía como herramienta de discernimiento /
Mención de responsabilidad Carlos Eduardo Valenzuela Echeverri.--
Título Una lectura pedagógica del curso para participantes de la Evaluación con carácter diagnóstico formativa /
Mención de responsabilidad Isabel Cristina Calderón Palacio.--
Título Correo del tiempo: cartas a quienes habitan la escuela /
Mención de responsabilidad Edna Yuliana Báez Báez.--
Título La muerte en la escuela (fragmentos de un monólogo) /
Mención de responsabilidad Sally Tatiana Romero Galindo.
506 0# - NOTA DE RESTRICCIONES AL ACCESO
Limitaciones de acceso Acceso abierto
650 #4 - ASIENTO SECUNDARIO DE MATERIA - TERMINO TEMATICO
Término de materia o nombre geográfico como elemento de entrada Educación
Subdivisión general Investigación
Subdivisión geográfica Colombia
9 (RLIN) 4070
650 #4 - ASIENTO SECUNDARIO DE MATERIA - TERMINO TEMATICO
Término de materia o nombre geográfico como elemento de entrada Educación
Subdivisión general Aspectos sociales
9 (RLIN) 5311
700 1# - ASIENTO SECUNDARIO--NOMBRE DE PERSONAL
Nombre de persona Calderón Palacio, Isabel Cristina
9 (RLIN) 50758
Término indicativo de función/relación compilación
856 40 - LOCALIZACIÓN Y ACCESO ELECTRÓNICOS
Identificador Uniforme del Recurso <a href="http://hdl.handle.net/20.500.12209/19342">http://hdl.handle.net/20.500.12209/19342</a>
902 ## - ELEMENTOS DE DATOS B LOCAL, LDB (RLIN)
Creó JohanaAllegre/150426
942 ## - ELEMENTOS DE PUNTO DE ACCESO ADICIONAL (KOHA)
Fuente del sistema de clasificación o colocación Library of Congress Classification
Tipo de ítem Koha Libro Electrónico
Holdings
Estado de retiro Estado de pérdida Fuente del sistema de clasificación o colocación Estado dañado No para préstamo Código de colección Localización permanente Ubicación/localización actual Ubicación en estantería Fecha de adquisición Total de préstamos Clasificación Fecha visto por última vez Identificador Uniforme del Recurso Precio válido a partir de Tipo de ítem Koha
    Library of Congress Classification     Acceso abierto Bib. Gregorio Torres Quintero Bib. Gregorio Torres Quintero En línea 15/04/2026   LB1028 15/04/2026 http://hdl.handle.net/20.500.12209/19342 15/04/2026 Libro Electrónico